| 000 | 01077cam a22003257a 4500 | ||
|---|---|---|---|
| 003 | CHAP | ||
| 005 | 20220329140259.0 | ||
| 008 | 971013s1986 r 00010 d | ||
| 010 | _a49691 | ||
| 011 | _a50663 | ||
| 035 | _a54813 | ||
| 040 | _cCHAP | ||
| 090 | _aTesis | ||
| 100 | 0 | 0 |
_aVillalvazo Rosales, Adrián Salomón. _9119472 |
| 245 | 1 | 3 | _aEl cultivo del mezcal (Agave tequilana Weber) en la región de Tequila, Jalisco |
| 260 |
_aChapingo, Méx. : _bEl autor, _c1986 |
||
| 300 | _a91 h. | ||
| 502 | _aTesis (Ing. Agr. Esp. en Fitotecnia) -- UACH. Departamento de Fitotecnia | ||
| 590 |
_aALEPH _b10 _c20130110 _lUCH01 _h1322 |
||
| 590 |
_aBATCH-UPD _b10 _c20130110 _lUCH01 _h0831 |
||
| 590 |
_aBATCH-UPD _b10 _c20130410 _lUCH01 _h0509 |
||
| 590 |
_aBATCH-UPD _b10 _c20130913 _lUCH01 _h1959 |
||
| 590 |
_aCONVERSION _b10 _c20130109 _lUCH01 _h1327 |
||
| 650 | 1 | 4 |
_aAgave tequilana. _91107 |
| 650 | 1 | 4 |
_aMezcal. _975353 |
| 901 | _aBK | ||
| 942 | _cFOLL | ||
| 949 |
_bBC _cTES _d-120700 _eTS1 _h19386 _i54813 _si |
||
| 949 |
_bBC _cTES _d33724000692950 _eTS2 _fc.2 _h19387 _i54813 _si |
||
| 999 |
_c49691 _d49691 |
||